Statistics for Bible - Book of Leviticus Trivia

Click here to take the quiz!

General Stats

  • This quiz has been taken 37 times
  • The average score is 11 of 20

Answer Stats

HintAnswer% Correct
The Israelites may only eat animals who chew the cud and have divided ______Hooves
85%
To which land is God bringing the Israelites?Canaan
82%
If a person touches a dead body, has a skin disease, etc, they are "ceremonially _______"Unclean
82%
After 49 years (seven Sabbath years), there is a year of ________Jubilee
79%
On the eighth day after birth, a boy is ___________Circumcised
79%
How many gems are on Aaron's breastplate?Twelve
76%
The Israelites must not "eat" which liquid?Blood
74%
The son of an Israelite mother and Egyptian father, who blasphemed the name of God, was put to death via _______Stoning
71%
A guilt offering's blood should be splashed against the sides of what?Altar
59%
The Israelites may only eat sea creatures that have fins and ______Scales
59%
A burnt offering is an _____ pleasing to the LordAroma
56%
What should one pour on a grain offering?Olive oil
53%
Which kind of animal should be sacrificed if someone unintentionally sins?Bull
50%
Which kind of animal is sacrificed for a guilt offering?Ram
47%
With which unit did the Israelites measure grain?Ephah
35%
Nadab and _____ died because they offered unauthorized fire before the LordAbihu
35%
Animals offered to the Lord should be without ______Defect
29%
God says that anyone who sacrifices one of their children to _____ is to be put to deathMolek
15%
God says not to curse the ____Deaf
15%
What is the portion of a grain offering that is to be burned on the altar called?Memorial portion
0%

Score Distribution

Percentile by Number Answered

Percent of People with Each Score

Your Score History

You have not taken this quiz